| 000 | 01050nam a22003137a 4500 | ||
|---|---|---|---|
| 001 | 7412 | ||
| 003 | FISKH | ||
| 005 | 20250714104205.0 | ||
| 008 | 250714b cb ||||| |||| 00| 0 eng d | ||
| 020 | _a046594004505 | ||
| 040 |
_aFISKH _beng _cFISKH _dFISKH |
||
| 050 | _aPZ7.E42845 G | ||
| 100 | _aEllerbee, Linda | ||
| 245 |
_aGirl reporter blows lid off town ! / _cBy Linda Ellerbee |
||
| 260 |
_aNew York : _bAvon Books , _c2000. |
||
| 300 |
_a195 pages : _billustrations ; _c20 cm . |
||
| 490 |
_aGet Real _v1 |
||
| 505 | _aQ | ||
| 520 | _aCasey Smith, an intrepid eleven-year-old journalist, revives her middle school's defunct newspaper and investigates what looks like an environmental pollution cover-up at the local paper mill. | ||
| 521 | 8 |
_a660
_bLexile estimate |
|
| 521 | 8 |
_aQ
_bRaz-Plus |
|
| 650 |
_aJournalism _vFiction |
||
| 650 |
_aNewspaper _vFiction |
||
| 650 |
_aSchools _vFiction |
||
| 650 |
_aPollution _vFiction |
||
| 700 |
_aWeise, Carla _eTypographer |
||
| 942 |
_2ddc _cBK _n0 |
||
| 999 |
_c7412 _d7412 |
||